000 005260000a22001690004500
090 _aAR
_b01061
245 1 0 _aContribución al informe nacional sobre el estado de la biodiversidad
650 1 4 _aBiodiversidad
_992204
650 1 4 _aEstado de la biodiversidad
_994271
650 1 4 _aActividades extractivas
_99322
650 1 4 _aUso sostenible de la biodiversidad
_92196
651 4 _pColombia
_992749
041 0 _aEspaƱol
100 1 _aRangel Ch., J. Orlando
_992819
942 _cARTICULO
773 1 _tPreprint
_33
_q68-74
_d1998
999 _c10149
_d10149